| 000 | 00369cam a2200157ua 4500 | ||
|---|---|---|---|
| 003 | OSt | ||
| 008 | 250802b |||||||| |||| 00| 0 eng d | ||
| 041 | _aeng | ||
| 082 |
_a624.2 _bAGR/BR |
||
| 100 |
_aAggarwal, RA . _97639 |
||
| 245 | _aBridge engineering / | ||
| 250 | _a1 / | ||
| 260 |
_aAllahabad : _bSaroj Prakashan , _c1983. |
||
| 300 | _a276 ; . | ||
| 942 | _cBK | ||
| 999 |
_c9358 _d9358 |
||